00505nam a2200145 i 450000100060000000300090000600500170001500700030003200800410003510000430007624501440011926000490026330000260031285200210033880719ES-MaACL20250720063047.0t|041029s1909 fr ||||1| spa d1 aHostos, Eugenio María de,d1839-190310aMeditando b: Hamlet, Plácido, Carlos Guido Spano, Guillemo Matta : lo que no quiso el lírico quisoqueya / cEugenio María de Hostos. a[S.l. : bs.n., c1909] (eTours : fDeslis) aIX, 331 p. ; c19 cm. aES-MaACLjD-2328